Tổ chức dạy học theo hình thức SEMINAR ở môn lí luận văn học (Sách trợ giúp giảng viên Cao đẳng sư phạm)

Giới thiệu cách tổ chức dạy học theo Seminar ở môn lí luận văn học bao gồm: seminar trong quá trình dạy học ở bậc cao đẳng, tổ chức seminar, những điều chú ý để tăng hiệu quả seminar và một số seminar để tham khảo

Na minha lista:
Detalhes bibliográficos
Autor principal: Nguyễn Thị Bích An
Formato: Livro
Idioma:Vietnamese
Publicado em: H. Đai học sư phạm 2007
Assuntos:
Tags: Adicionar Tag
Sem tags, seja o primeiro a adicionar uma tag!
Thư viện lưu trữ: Mạng thư viện Đại học Đà Nẵng
LEADER 01524nam a2200337 4500
001 000015281
003 11657
005 20120525090550.0
008 120524s2007 viesd
041 0 |a vie 
082 |a 371.3  |b NG-A 
100 0 |a Nguyễn Thị Bích An 
245 0 |a Tổ chức dạy học theo hình thức SEMINAR ở môn lí luận văn học  |b (Sách trợ giúp giảng viên Cao đẳng sư phạm)  |c Nguyễn Thị Bích An 
260 |a H.  |b Đai học sư phạm  |c 2007 
300 |a 190tr.  |c 24 cm 
500 |a ĐTTS ghi: Bộ Giáo dục và Đào tạo. Dự án Đào tạo Giáo viên THCS 
504 |a Thư mục: tr. 185-187 
520 |a Giới thiệu cách tổ chức dạy học theo Seminar ở môn lí luận văn học bao gồm: seminar trong quá trình dạy học ở bậc cao đẳng, tổ chức seminar, những điều chú ý để tăng hiệu quả seminar và một số seminar để tham khảo 
653 |a lí luận văn học 
653 |a phương pháp giảng dạy 
653 |a sách giáo viên 
OWN |a LSP 
AVA |a UDN50  |b LSP  |d 371.3 NG-A  |e available  |t Error 5001 Not defined in file expand_doc_bib_avail.  |f 5  |g 0  |h N  |i 0  |k 1 
999 |a From the UDN01 
AVA |a UDN50  |b LSP  |d 371.3 NG-A  |e available  |t Error 5001 Not defined in file expand_doc_bib_avail.  |f 5  |g 0  |h N  |i 0  |k 1 
TYP |a Monograph 
TYP |a Printed language 
980 |a Mạng thư viện Đại học Đà Nẵng